[Event "GER OS-345 email"]
[Site "GER email"]
[Date "2018.05.24"]
[Round "?"]
[White "Kunze, Juergen"]
[Black "Frenzel, Lothar"]
[Result "1-0"]
[WhiteElo "1916"]
[BlackElo "1769"]
[PlyCount "127"]
[EventDate "2018.06.05"]
[EventType "tourn (corr)"]
[EventRounds "6"]
[EventCountry "GER"]
[SourceTitle "Corr 2022"]
[Source "ChessBase"]
[SourceDate "2021.10.24"]
[SourceVersion "1"]
[SourceVersionDate "2021.10.24"]
[SourceQuality "1"]

1. d4 d5 2. c4 e6 3. Nc3 Nf6 4. Bg5 Bb4 5. Nf3 0-0 6. e3 c5 7. cxd5 exd5 8. dxc5 Nbd7 9. Rc1 h6 10. Bh4 g5 11. Bg3 Nxc5 12. Be2 Nfe4 13. Be5 Nxc3 14. Bxc3 Bxc3+ 15. Rxc3 Ne4 16. Ra3 Qf6 17. Qd4 Be6 18. Qxf6 Nxf6 19. Bd3 Rfc8 20. Ke2 Bg4 21. h3 Bh5 22. g4 Bg6 23. Nd4 Kg7 24. f3 a6 25. h4 gxh4 26. Rxh4 Ne8 27. f4 Nf6 28. Rb3 b5 29. Ra3 Ne4 30. f5 Bh7 31. Bxe4 dxe4 32. Kf2 Bg8 33. Rh1 f6 34. Kg3 Bf7 35. Ra5 Rc7 36. Kf4 Rd7 37. Rc1 Bd5 38. Rc5 Bb7 39. a4 bxa4 40. Ne6+ Kf7 41. Rxa4 Re8 42. Rb4 Ree7 43. Rb6 Bd5 44. Nd4 Bb7 45. Rc1 Rd8 46. Rh1 Rh8 47. Ne6 Bd5 48. Nc5 Rc8 49. b4 Kg7 50. Rxa6 Bg8 51. Rd6 Bf7 52. Rhd1 Rb8 53. R1d4 Rc8 54. Nxe4 Rc1 55. Kf3 Rh1 56. Rd7 Kf8 57. Nxf6 Rh3+ 58. Kf4 Rexe3 59. Ne4 Be8 60. Rh7 Kg8 61. Rxh6 Rxh6 62. Kxe3 Kf8 63. Kf4 Rh1 64. Ke5 1-0

[Event "GER OS-324 email"]
[Site "GER email"]
[Date "2017.07.14"]
[Round "?"]
[White "Frenzel, Lothar"]
[Black "Gebauer, Klaus"]
[Result "1-0"]
[WhiteElo "1749"]
[BlackElo "1482"]
[PlyCount "85"]
[EventDate "2017.07.17"]
[EventType "tourn (corr)"]
[EventRounds "6"]
[EventCountry "GER"]
[SourceTitle "Corr 2020"]
[Source "ChessBase"]
[SourceDate "2019.09.30"]
[SourceVersion "1"]
[SourceVersionDate "2019.09.30"]
[SourceQuality "1"]

1. d4 d5 2. Nf3 Nf6 3. c4 dxc4 4. Nc3 Bf5 5. e3 e6 6. Bxc4 c6 7. 0-0 Ne4 8. Bd3 Nf6 9. Bxf5 exf5 10. Qd3 Qd7 11. e4 fxe4 12. Nxe4 Be7 13. Ne5 Qd5 14. Nc3 Qd8 15. Qg3 g6 16. Bh6 Nh5 17. Qe3 Nf6 18. Bg7 Rg8 19. Bxf6 Nd7 20. Nxd7 Kxd7 21. d5 Bxf6 22. dxc6+ bxc6 23. Rfd1+ Kc7 24. Rxd8 Raxd8 25. Qxa7+ Kd6 26. Rd1+ Ke6 27. Re1+ Be5 28. f4 Ra8 29. Rxe5+ Kf6 30. Qe7+ Kg7 31. Nd5 cxd5 32. f5 Rge8 33. f6+ Kh6 34. Qxe8 Rxe8 35. Rxe8 Kg5 36. Re5+ Kxf6 37. Rxd5 Ke6 38. Rd1 g5 39. b4 g4 40. g3 f5 41. b5 Ke5 42. b6 f4 43. b7 1-0

[Event "GER OS-324 email"]
[Site "GER email"]
[Date "2017.07.14"]
[Round "?"]
[White "Frenzel, Lothar"]
[Black "Hruschka, Walter"]
[Result "1/2-1/2"]
[WhiteElo "1749"]
[BlackElo "1833"]
[PlyCount "120"]
[EventDate "2017.07.17"]
[EventType "tourn (corr)"]
[EventRounds "6"]
[EventCountry "GER"]
[SourceTitle "Corr 2020"]
[Source "ChessBase"]
[SourceDate "2019.09.30"]
[SourceVersion "1"]
[SourceVersionDate "2019.09.30"]
[SourceQuality "1"]

1. Nf3 Nf6 2. d4 d5 3. e3 e6 4. c4 dxc4 5. Bxc4 c5 6. Nc3 a6 7. 0-0 b5 8. Be2 Bb7 9. a3 Nbd7 10. Bd2 Bd6 11. b4 cxb4 12. axb4 0-0 13. Qb3 Rc8 14. Ng5 Qc7 15. Bf3 Bxh2+ 16. Kh1 Bxf3 17. Nxf3 Bd6 18. Rxa6 Be7 19. Kg1 Qb7 20. Rfa1 Ra8 21. R6a5 Rfb8 22. Rxa8 Rxa8 23. Rxa8+ Qxa8 24. Nxb5 Qa1+ 25. Be1 Nd5 26. Qc4 Bxb4 27. e4 Bxe1 28. exd5 exd5 29. Qxd5 Bb4+ 30. Kh2 Nf6 31. Qb3 Qa5 32. Qc4 Be7 33. Ne5 Qd2 34. Qxf7+ Kh8 35. Qc4 g6 36. Qf1 Ne4 37. Nf3 Qxf2 38. Qxf2 Nxf2 39. Kg3 Nd3 40. Ne5 Nxe5 41. dxe5 Kg7 42. Kf4 Kf7 43. Nd4 Bc5 44. Nf3 h6 45. Ke4 Ke6 46. Nh4 Kf7 47. Kd5 Ba3 48. Nf3 Bb4 49. Nd4 h5 50. Nb5 Ke7 51. Na7 Kf7 52. Nc6 Ba3 53. Nd8+ Ke7 54. Ne6 Kf7 55. Ng5+ Ke7 56. Ke4 Bc5 57. Nh3 Ke6 58. Nf4+ Kf7 59. Kd5 Be7 60. Ne2 Bf8 1/2-1/2

[Event "DESC SMT11 email"]
[Site "DESC email"]
[Date "2016.06.21"]
[Round "?"]
[White "Hoegerl, Felix"]
[Black "Frenzel, Lothar"]
[Result "1/2-1/2"]
[WhiteElo "2048"]
[BlackElo "2080"]
[PlyCount "50"]
[EventDate "2016.06.21"]
[EventType "team-tourn (corr)"]
[EventRounds "7"]
[EventCountry "GER"]
[SourceTitle "Corr 2022"]
[Source "ChessBase"]
[SourceDate "2021.10.24"]
[SourceVersion "1"]
[SourceVersionDate "2021.10.24"]
[SourceQuality "1"]

1. d4 d5 2. c4 e6 3. Nc3 Nf6 4. Nf3 c5 5. cxd5 cxd4 6. Nxd4 Nxd5 7. Bd2 Nf6 8. Bg5 a6 9. g3 h6 10. Bxf6 Qxf6 11. Rc1 Bc5 12. Nd5 exd5 13. Rxc5 0-0 14. Rxd5 Nc6 15. e3 Nb4 16. Rc5 Qe7 17. Rc1 Qe4 18. Qf3 Qxf3 19. Nxf3 Bd7 20. Bg2 Rab8 21. Kd2 b6 22. Rc3 a5 23. Rhc1 Na6 24. Ke2 Bg4 25. Rc4 b5 1/2-1/2

[Event "GER OS-295 email"]
[Site "GER email"]
[Date "2016.05.31"]
[Round "?"]
[White "Frenzel, Lothar"]
[Black "Friedrich, Gerhard"]
[Result "1/2-1/2"]
[WhiteElo "1753"]
[BlackElo "1902"]
[PlyCount "99"]
[EventDate "2016.06.06"]
[EventType "tourn (corr)"]
[EventRounds "6"]
[EventCountry "GER"]
[SourceTitle "Corr 2020"]
[Source "ChessBase"]
[SourceDate "2019.09.30"]
[SourceVersion "1"]
[SourceVersionDate "2019.09.30"]
[SourceQuality "1"]

1. Nf3 Nf6 2. d4 e6 3. c4 c5 4. e3 d5 5. Nc3 Nc6 6. a3 a6 7. b3 cxd4 8. exd4 Be7 9. Be2 0-0 10. 0-0 b6 11. Bd3 Bb7 12. Bf4 Rc8 13. Re1 Kh8 14. Ne2 dxc4 15. bxc4 Na5 16. Nd2 Nh5 17. Be3 f5 18. d5 b5 19. Rb1 bxc4 20. Nxc4 Nxc4 21. Bxc4 Bxd5 22. Bxa6 Ra8 23. Bb7 Bxb7 24. Rxb7 Qxd1 25. Rxd1 Bxa3 26. g3 h6 27. Rdd7 Rfd8 28. Rf7 Rab8 29. Nd4 Rxb7 30. Rxb7 f4 31. gxf4 Nxf4 32. Bxf4 Rxd4 33. Be5 Rg4+ 34. Kf1 h5 35. f3 Rg6 36. Ke2 Kg8 37. f4 Rg1 38. Rb8+ Kh7 39. Kf3 Rh1 40. Rb7 Bf8 41. Rb8 Bc5 42. Rb7 Rg1 43. Rc7 Bf8 44. Rc8 Bb4 45. Rc6 Rg6 46. Rb6 Bc5 47. Rb5 Be7 48. Bd4 h4 49. Bf2 h3 50. Rh5+ 1/2-1/2

[Event "GER OS-295 email"]
[Site "GER email"]
[Date "2016.05.31"]
[Round "?"]
[White "Zordick, Milon"]
[Black "Frenzel, Lothar"]
[Result "1/2-1/2"]
[WhiteElo "1842"]
[BlackElo "1753"]
[PlyCount "99"]
[EventDate "2016.06.06"]
[EventType "tourn (corr)"]
[EventRounds "6"]
[EventCountry "GER"]
[SourceTitle "Corr 2020"]
[Source "ChessBase"]
[SourceDate "2019.09.30"]
[SourceVersion "1"]
[SourceVersionDate "2019.09.30"]
[SourceQuality "1"]

1. d4 d5 2. c4 e6 3. Nc3 Nf6 4. Nf3 c5 5. cxd5 cxd4 6. Qxd4 exd5 7. e4 dxe4 8. Qxd8+ Kxd8 9. Ng5 Be6 10. Nxe6+ fxe6 11. Bg5 Ke8 12. Bb5+ Kf7 13. 0-0-0 a6 14. Ba4 Be7 15. Rhe1 Rd8 16. Bc2 Nc6 17. Bxe4 Nxe4 18. Nxe4 Nb4 19. Kb1 b6 20. Rc1 Rac8 21. f3 h6 22. a3 Nd5 23. Rxc8 Rxc8 24. Be3 a5 25. Rc1 Rd8 26. Bd4 b5 27. Bc5 a4 28. g3 Bxc5 29. Rxc5 b4 30. Ra5 bxa3 31. bxa3 Rb8+ 32. Kc1 Rb3 33. Rxa4 Rxf3 34. Ra7+ Kg6 35. a4 Re3 36. Nd2 Re1+ 37. Kc2 Re2 38. Rb7 Rxh2 39. a5 Rg2 40. a6 Rxg3 41. Nb1 Rg4 42. Kb3 Rg1 43. Na3 Rg3+ 44. Ka4 Nc3+ 45. Ka5 Nd5 46. Nb1 Rg2 47. Rb3 Ne7 48. Kb6 Rf2 49. Nc3 Rf7 50. Ne4 1/2-1/2

[Event "GER OS-282 email"]
[Site "GER email"]
[Date "2015.12.11"]
[Round "?"]
[White "Granz, Thomas"]
[Black "Frenzel, Lothar"]
[Result "1-0"]
[WhiteElo "1803"]
[BlackElo "1751"]
[PlyCount "59"]
[EventDate "2015.12.18"]
[EventType "tourn (corr)"]
[EventRounds "6"]
[EventCountry "GER"]
[SourceTitle "Corr 2020"]
[Source "ChessBase"]
[SourceDate "2019.09.30"]
[SourceVersion "1"]
[SourceVersionDate "2019.09.30"]
[SourceQuality "1"]

1. d4 d5 2. c4 e6 3. Nc3 Nf6 4. Nf3 c6 5. e3 Nbd7 6. Be2 Bd6 7. 0-0 0-0 8. b3 b6 9. Bb2 Bb7 10. Rc1 dxc4 11. Bxc4 a6 12. h3 h6 13. e4 c5 14. d5 exd5 15. Bxd5 Nxd5 16. Nxd5 b5 17. Rc2 Nb6 18. Nf6+ gxf6 19. Rd2 Nc8 20. Nh4 Kh7 21. Qc2 Kg8 22. Nf5 Qc7 23. Nxh6+ Kh7 24. Ng4 Be5 25. f4 Bxb2 26. Qxb2 c4 27. Nxf6+ Kh6 28. f5 Qb6+ 29. Kh1 Rd8 30. Rf4 1-0

[Event "DESC SMT10 email"]
[Site "DESC email"]
[Date "2015.06.21"]
[Round "7"]
[White "Frenzel, Lothar"]
[Black "Wittal, Werner"]
[Result "1/2-1/2"]
[WhiteElo "2115"]
[BlackElo "2124"]
[PlyCount "44"]
[EventDate "2015.06.21"]
[EventType "team-tourn (corr)"]
[EventRounds "7"]
[EventCountry "GER"]
[SourceTitle "Corr 2022"]
[Source "ChessBase"]
[SourceDate "2021.10.24"]
[SourceVersion "1"]
[SourceVersionDate "2021.10.24"]
[SourceQuality "1"]

1. Nf3 Nf6 2. Nc3 d5 3. d4 e6 4. Bg5 h6 5. Bxf6 Qxf6 6. a3 Nc6 7. e4 dxe4 8. Nxe4 Qf4 9. Bd3 f5 10. Ng3 Bd7 11. c3 0-0-0 12. 0-0 h5 13. h4 e5 14. Ne2 Qg4 15. dxe5 Re8 16. Re1 Nxe5 17. Ned4 Bd6 18. Nxe5 Rxe5 19. Qxg4 fxg4 20. g3 Rhe8 21. Kf1 Rf8 22. Kg2 Rf6 1/2-1/2

[Event "DESC SMT10 email"]
[Site "DESC email"]
[Date "2015.06.21"]
[Round "3"]
[White "Verenzuela, Jesus"]
[Black "Frenzel, Lothar"]
[Result "1/2-1/2"]
[WhiteElo "2108"]
[BlackElo "2115"]
[PlyCount "92"]
[EventDate "2015.06.21"]
[EventType "team-tourn (corr)"]
[EventRounds "7"]
[EventCountry "GER"]
[SourceTitle "Corr 2022"]
[Source "ChessBase"]
[SourceDate "2021.10.24"]
[SourceVersion "1"]
[SourceVersionDate "2021.10.24"]
[SourceQuality "1"]

1. Nf3 d5 2. b3 Nf6 3. Bb2 e6 4. c4 Be7 5. e3 0-0 6. d4 c5 7. dxc5 Bxc5 8. Nbd2 Nc6 9. a3 a5 10. cxd5 exd5 11. Qc2 Qe7 12. Bb5 Bd7 13. 0-0 Bd6 14. Qd3 Rfd8 15. Rfd1 Bg4 16. h3 Bh5 17. Rdc1 Bg6 18. Qe2 Rac8 19. Nh4 Qe6 20. Nxg6 hxg6 21. Bxc6 bxc6 22. Qa6 c5 23. Qxa5 Rb8 24. Rab1 Bf8 25. a4 d4 26. exd4 cxd4 27. Re1 Qd7 28. Red1 Bb4 29. Qa6 Bc3 30. Qd3 Nd5 31. Ba3 Bb4 32. Bxb4 Nxb4 33. Qf3 Na2 34. Ne4 f5 35. Qe2 fxe4 36. Qxa2 Rb4 37. Qd2 Rdb8 38. a5 d3 39. a6 Qa7 40. Ra1 Rxb3 41. Qg5 Rb2 42. Qe3 Qxe3 43. fxe3 R2b4 44. a7 Ra8 45. Rd2 Rb7 46. Rda2 Rf7 1/2-1/2

[Event "GER OS-264 email"]
[Site "GER email"]
[Date "2015.03.23"]
[Round "?"]
[White "Eife, Gunter"]
[Black "Frenzel, Lothar"]
[Result "1-0"]
[WhiteElo "1699"]
[BlackElo "1745"]
[PlyCount "111"]
[EventDate "2015.04.03"]
[EventType "tourn (corr)"]
[EventRounds "6"]
[EventCountry "GER"]
[SourceTitle "Corr 2020"]
[Source "ChessBase"]
[SourceDate "2019.09.30"]
[SourceVersion "1"]
[SourceVersionDate "2019.09.30"]
[SourceQuality "1"]

1. e4 e5 2. Nf3 Nc6 3. Bb5 Nf6 4. 0-0 Nxe4 5. d4 Be7 6. Qe2 Nd6 7. Bxc6 bxc6 8. dxe5 Nf5 9. Qe4 g6 10. Nd4 Nxd4 11. Qxd4 0-0 12. Bh6 Re8 13. Nc3 d5 14. b3 Bf5 15. Na4 Rb8 16. Rad1 f6 17. exf6 Bxf6 18. Qd2 Be5 19. h3 Qd6 20. Be3 a5 21. f4 Bg7 22. Bc5 Qd7 23. c3 Be4 24. Bd4 Bf8 25. Nc5 Bxc5 26. Bxc5 Qf7 27. Rf2 Rb5 28. Bd4 c5 29. c4 Rbb8 30. Be5 a4 31. Qe3 axb3 32. axb3 Rb6 33. Re2 c6 34. Qxc5 Rxb3 35. Qxc6 Bd3 36. Ra2 dxc4 37. Ra8 Rxa8 38. Qxa8+ Qf8 39. Qc6 Qd8 40. Qe6+ Kf8 41. Bd6+ Kg7 42. Qd5 Qe8 43. Be5+ Kf8 44. Re1 Rb1 45. Rxb1 Bxb1 46. Bd6+ Kg7 47. Qb7+ Qf7 48. Be5+ Kf8 49. Qxb1 Qd5 50. Qb8+ Ke7 51. Qh8 Qf7 52. Bc7 Kd7 53. Qd8+ Kc6 54. Qd6+ Kb7 55. Qb6+ Kc8 56. Be5 1-0